000 00733nam 22002173 4500
001 200556
021 _aPT
_b87964/95
090 _a200556
100 _a20260212d u||y0pory50 ba
200 _aNikias Skapinakis
_eheteronimias
_fBernardo Pinto de Almeida
_gfotografias José Luís Madeira, Guilherme Carmelo
210 _aPorto
_cG.F.S.
_d1995
215 _a[57] p.
_cil. ; brochado
_d30 cm
317 _a.- oferta com dedicatória do escritor ao Prof. Dr. Almeida Faria em 1995.
606 _92477
_aPintura
_xPintores
610 _aExposição
675 _a75Skapinakis, Nikias
_vPT
_zpor
675 _a061.4
_vPT
_zpor
700 _98967
_aAlmeida
_bBernardo Pinto de
_f1954-
801 _aPT
_bBMMN
_gRPC
830 _cAna
_fAna
990 _cLIVROS